000
00312 a2200157 4500
001
180050
020
_a
040
_c
Magnum
100
_a
Lucas, Angela
240
1
0
_a
Em foco agua
_l
por
245
1
0
_a
Em foco agua
362
0
_a
1899
440
1
_a
Record
697
_a
MAGNITO: PARADIDATICOS
942
_c
BK
999
_c
180050
_d
180050